¡No es la cigüeña! : (Registro nro. 3344)
[ vista simple ]
| 000 -LEADER | |
|---|---|
| fixed length control field | 01633nam a2200313Ia 4500 |
| 003 - CONTROL NUMBER IDENTIFIER | |
| control field | OSt |
| 005 - DATE AND TIME OF LATEST TRANSACTION | |
| control field | 20200929114948.0 |
| 008 - FIXED-LENGTH DATA ELEMENTS--GENERAL INFORMATION | |
| fixed length control field | 191128s2012 ck a gr 000 0 spa d |
| 020 ## - INTERNATIONAL STANDARD BOOK NUMBER | |
| International Standard Book Number | 9789581414062 |
| 040 ## - CATALOGING SOURCE | |
| Original cataloging agency | CO-JMCR |
| Transcribing agency | CO-JMCR |
| 041 0# - LANGUAGE CODE | |
| Language code of text/sound track or separate title | spa |
| 082 04 - DEWEY DECIMAL CLASSIFICATION NUMBER | |
| Classification number | 612.6 / |
| Item number | H313n |
| Edition number | 23 |
| 100 1# - MAIN ENTRY--PERSONAL NAME | |
| Personal name | Harris, Robie H., |
| Relator term | autor |
| 9 (RLIN) | 10953 |
| 245 10 - TITLE STATEMENT | |
| Title | ¡No es la cigüeña! : |
| Remainder of title | un libro que habla sobre niñas, niños, bebés, cuerpos, familias y amigos / |
| Statement of responsibility, etc. | Robie H. Harris; ilustraciones Michael Emberley |
| 260 ## - PUBLICATION, DISTRIBUTION, ETC. | |
| Place of publication, distribution, etc. | Bogotá : |
| Name of publisher, distributor, etc. | Plaza y Janes, |
| Date of publication, distribution, etc. | 2012. |
| 300 ## - PHYSICAL DESCRIPTION | |
| Extent | 59 páginas : |
| Other physical details | ilustraciones a color ; |
| Dimensions | 29 cm. |
| 490 0# - SERIES STATEMENT | |
| Series statement | Primera Infancia del Ministerio de Cultura. |
| 500 ## - GENERAL NOTE | |
| General note | Plan Nacional de Lectura y Escritura Leer es mi Cuento. 2012. |
| 505 0# - FORMATTED CONTENTS NOTE | |
| Formatted contents note | El pájaro y la abeja van al zoo -- ¡Miiiiiles de preguntas! -- Las niñas hacen esto, los niños eso -- ¿Iguales? ¿Diferentes? -- De pies a cabeza -- De la cabeza a los pies -- Lo que tienen los niños -- Lo que tienen las niñas |
| 520 0# - SUMMARY, ETC. | |
| Summary, etc. | Los niños pequeños preguntaban muchas cosas sobre su cuerpo. Quieren saber qué diferencia a las chicas de los chicos y cómo se hacen. Son muy curiosos. Con un estilo ameno, claro, divertido y científicamente preciso, los autores responden estás preguntas. |
| 521 ## - TARGET AUDIENCE NOTE | |
| Target audience note | Recomendado para mayores de 2 años. |
| Source | Tapa posterior. |
| 546 ## - LANGUAGE NOTE | |
| Language note | spa |
| 650 24 - SUBJECT ADDED ENTRY--TOPICAL TERM | |
| Topical term or geographic name entry element | Educación sexual para niños |
| 9 (RLIN) | 10954 |
| 650 24 - SUBJECT ADDED ENTRY--TOPICAL TERM | |
| Topical term or geographic name entry element | Educación para la vida familiar |
| 9 (RLIN) | 10955 |
| 650 24 - SUBJECT ADDED ENTRY--TOPICAL TERM | |
| Topical term or geographic name entry element | Cuerpo humano |
| 9 (RLIN) | 10956 |
| 650 24 - SUBJECT ADDED ENTRY--TOPICAL TERM | |
| Topical term or geographic name entry element | Sexualidad infantil |
| 9 (RLIN) | 10957 |
| 700 1# - ADDED ENTRY--PERSONAL NAME | |
| Personal name | Emberley, Michael, |
| Relator term | ilustrador |
| 9 (RLIN) | 10958 |
| 942 ## - ADDED ENTRY ELEMENTS (KOHA) | |
| Source of classification or shelving scheme | Dewey Decimal Classification |
| Koha item type | Books |
| Withdrawn status | Lost status | Source of classification or shelving scheme | Materials specified (bound volume or other part) | Damaged status | Not for loan | Home library | Current library | Shelving location | Date acquired | Source of acquisition | Total Checkouts | Full call number | Barcode | Date last seen | Date last checked out | Copy number | Price effective from | Koha item type |
|---|---|---|---|---|---|---|---|---|---|---|---|---|---|---|---|---|---|---|
| Dewey Decimal Classification | Donación--15/01/2018-- | Biblioteca Pública José María del Castillo y Rada | Biblioteca Pública José María del Castillo y Rada | General Stacks | 11/28/2019 | Donación | 3 | 612.6 / H313n | 201806994 | 03/18/2026 | 03/18/2026 | Ej.1 | 11/28/2019 | Books |